000 00790na a2200241 4500
001 19481
003 MIRAKIL
005 20181213154903.0
008 161215b tu 000 0
040 _aMilas
_btur
_cTR-AnCHP
041 _atur
082 _a956.10240208
_bT66l [t.y.]
090 _a956.10240208 T66l [t.y.]
100 _aToprak, Zafer
245 _aLozan'dan Cumhuriyet'e İsmet İnönü Sergisi
_cZafer Toprak; editör Fatma Türe ; sergi tasarım Çağdaş Arpaç
260 _aİstanbul
_bİnönü Vakfı
_c[t.y.]
300 _a14 s.
_bfotğ.; hrt.
_c21 sm.
600 _aİnönü, İsmet
_d1884-1973
_xFotoğraflar
_ySergiler
650 _aLozan Barış Antlaşması
_xFotoğraf sergileri
700 _aArpaç, Çağdaş
700 _aTüre, Fatma
942 _2dcc
_cBKS
999 _c2607
_d2607